000 00360nam a2200145 i 4500
001 bg
100 1 _aCIOK, Zbigniew
245 0 _aPrzepływ gazów i cieczy w aparatach elektrycznych /
_cZbigniew Ciok.
260 _aWarszawa,
_c1983.
040 _cBPK
041 _apol
080 _a621.316:532
942 _cKS
008 s pl f |000 0 pol
999 _c22159
_d22159
856 _uhttp://koha.tu.koszalin.pl/cgi-bin/koha/opac-detail.pl?biblionumber=22159
_yKatalog online BPK